MARC

LEADER 00000nam0a2200000 4500
001 44629
005 20240207151042.0
035 |a (RuTPU)RU\TPU\book\46364 
090 |a 44629 
100 |a 20021125d2002 m y0rusy50 ca 
101 0 |a rus 
102 |a RU 
105 |a a j 001zy 
200 1 |a Чтение и построение геологических карт и геологических разрезов  |e лабораторный практикум для студентов геологических специальностей  |f В. Е. Номоконов, А. К. Полиенко, С. К. Кныш  |g Томский политехнический университет 
210 |a Томск  |c Изд-во ТПУ  |d 2002 
215 |a 58 с.  |c ил. 
320 |a Библиогр.: с. 54 
451 1 |0 (RuTPU)RU\TPU\book\35732  |t Чтение и построение геологических карт и геологических разрезов  |o лабораторный практикум  |f В. Е. Номоконов, А. К. Полиенко, С. К. Кныш  |c Томск  |n Изд-во ТПУ  |d 1994  |p 60 с.  |a Номоконов, Виталий Евгеньевич 
610 1 |a геология 
610 1 |a геологические разрезы 
610 1 |a геологические карты 
610 1 |a чтение 
610 1 |a построение 
610 1 |a слои 
610 1 |a горизонтальное залегание 
610 1 |a наклонное залегание 
610 1 |a складки 
610 1 |a дизъюнктивы 
610 1 |a анализ 
610 1 |a лабораторные практикумы 
610 1 |a практические пособия 
610 1 |a учебные пособия 
675 |a 550.8:528(075.8)  |v 3 
675 |a 550.8.05(075.8)  |v 3 
700 1 |a Номоконов  |b В. Е.  |g Виталий Евгеньевич 
701 1 |a Полиенко  |b А. К.  |c геолог  |c доцент Томского политехнического университета, доктор геолого-минералогических наук  |c выпускник ТПИ 1964 г.  |f 1940-  |g Александр Константинович  |3 (RuTPU)RU\TPU\pers\20300  |9 8092 
701 1 |a Кныш  |b С. К.  |c геолог  |c доцент Томского политехнического университета, кандидат геолого-минералогических наук  |f 1947-  |g Сергей Карпович  |3 (RuTPU)RU\TPU\pers\26835 
712 0 2 |a Томский политехнический университет  |3 (RuTPU)RU\TPU\col\376 
801 1 |a RU  |b 63413507  |c 20021125  |g PSBO 
801 2 |a RU  |b 63413507  |c 20221201  |g PSBO 
942 |c BK